Personnage Les Frères Scott / One Tree Hill - Statistiques

Statistiques générales
  • Ce quiz a été pris 2 028 fois
  • Le résultat moyen est 17 sur 22
Statistiques - réponses
Par images Réponse % Correct
Lucas
100%
Nathan
100%
Peyton
99%
Brooke
97%
Dan
97%
Haley
90%
Karen
89%
Keith
87%
Rachel
80%
Skills
79%
Julian
78%
Jamie
77%
Marvin
71%
Quentin
70%
Jake
67%
Clay
65%
Quinn
64%
Alex
62%
Victoria
62%
Debbie
60%
Millicent
58%
Sam
58%
Aucun quiz correspondant
Distribution des résultats
% des personnes avec chaque résultat
Percentile par nombre de réponses
Votre historique - résultats
Vous n’avez pas pris ce quiz